[Event "Olomouc 2009 - IM C"]
[Site "?"]
[Date "2009.08.10"]
[Round "6.4"]
[White "Havlikova, Kristyna"]
[Black "Gasik, Anna"]
[Result "0-1"]
[WhiteElo "2161"]
[BlackElo "2216"]
[PlyCount "77"]
[EventDate "2009.08.05"]

1. e4 c6 2. Nc3 d5 3. Nf3 dxe4 4. Nxe4 Nf6 5. Nxf6+ gxf6 6. d4 Bg4 7. Be2 Qc7
8. c3 e6 9. Be3 Nd7 10. a4 Nb6 11. Qc1 Bd6 12. c4 Bb4+ 13. Kf1 Rd8 14. a5 Nc8
15. Ra4 c5 16. dxc5 Bxc5 17. Bxc5 Qxc5 18. b4 Qc6 19. Ra3 Nd6 20. Qf4 Bxf3 21.
Qxf3 Qxf3 22. Rxf3 Nxc4 23. Rxf6 Rd4 24. g3 Ke7 25. Rf4 Nd2+ 26. Ke1 Rxf4 27.
gxf4 Rd8 28. Rg1 Rd4 29. Rg7 Ne4 30. Rxh7 Rxb4 31. Bh5 Nd6 32. Be2 Ra4 33. h4
Rxa5 34. h5 Ne4 35. Bf3 Nf6 36. Rh8 Rf5 37. Bxb7 Nxh5 38. Be4 Rxf4 39. Bc2 0-1

[Event "Olomouc 2009 - IM C"]
[Site "?"]
[Date "2009.08.10"]
[Round "6.5"]
[White "Bente, Bjoern"]
[Black "Ageichenko, Genadi A"]
[Result "0-1"]
[WhiteElo "2252"]
[BlackElo "2375"]
[PlyCount "60"]
[EventDate "2009.08.05"]

1. d4 Nf6 2. c4 c5 3. d5 e6 4. Nc3 exd5 5. cxd5 d6 6. e4 g6 7. f4 Bg7 8. Nf3
O-O 9. Be2 Bg4 10. h3 Bxf3 11. Bxf3 Nfd7 12. O-O Na6 13. g4 c4 14. Be3 Re8 15.
Qe2 Rc8 16. Nb5 Ndc5 17. Nxa7 Ra8 18. Qxc4 Rxa7 19. b4 b5 20. Qxb5 Rb7 21. Qe2
Rxb4 22. Rab1 Qb6 23. Qc2 Rb8 24. Rxb4 Qxb4 25. Rd1 Qa3 26. Qe2 Rb2 27. Rd2
Qxa2 28. e5 Rxd2 29. Bxd2 dxe5 30. fxe5 Qa1+ 0-1

[Event "Olomouc 2009 - IM C"]
[Site "?"]
[Date "2009.08.11"]
[Round "7.2"]
[White "Gasik, Anna"]
[Black "Bente, Bjoern"]
[Result "0-1"]
[WhiteElo "2216"]
[BlackElo "2252"]
[PlyCount "70"]
[EventDate "2009.08.05"]

1. e4 c6 2. d4 d5 3. e5 Bf5 4. Nc3 e6 5. g4 Bg6 6. Nge2 f6 7. Nf4 fxe5 8. Nxg6
hxg6 9. dxe5 Nd7 10. Bf4 g5 11. Bg3 Qc7 12. Qd2 Nxe5 13. O-O-O O-O-O 14. Qd4
Bd6 15. Qxa7 Nf6 16. Na4 Ned7 17. Qa8+ Qb8 18. Qa5 Bxg3 19. fxg3 Ne4 20. Re1
Nxg3 21. Rg1 Ne4 22. Bd3 Qf4+ 23. Kb1 Qd2 24. Nb6+ Nxb6 25. Qxb6 Rxh2 26. Rgf1
Rf2 27. Rd1 Qf4 28. Rh1 Rf8 29. Rhe1 Rd2 30. Rc1 Qxg4 31. Ba6 bxa6 32. Qxc6+
Kd8 33. Qb6+ Ke8 34. Qb8+ Kf7 35. Rf1+ Nf6 0-1

[Event "Olomouc 2009 - IM C"]
[Site "?"]
[Date "2009.08.11"]
[Round "7.3"]
[White "Simek, Petr"]
[Black "Havlikova, Kristyna"]
[Result "1-0"]
[WhiteElo "2301"]
[BlackElo "2161"]
[PlyCount "87"]
[EventDate "2009.08.05"]

1. e4 c5 2. Nf3 Nc6 3. d4 cxd4 4. Nxd4 g6 5. Nc3 Bg7 6. Be3 Nf6 7. Bc4 O-O 8.
Bb3 d6 9. f3 Bd7 10. Qd2 Nxd4 11. Bxd4 b5 12. h4 a5 13. h5 a4 14. Bd5 e5 15. h6
Bh8 16. Bxa8 exd4 17. Nd5 Re8 18. Nxf6+ Bxf6 19. Bd5 Qc7 20. Qf4 Bf5 21. O-O
Be5 22. Qh4 Be6 23. f4 Bh8 24. Rae1 Qc8 25. a3 Qd7 26. Qg5 Rc8 27. Re2 Re8 28.
Rfe1 Kf8 29. Bxe6 Rxe6 30. Qd5 Ke7 31. g3 Bf6 32. Kg2 Qe8 33. e5 dxe5 34. Qc5+
Kd8 35. fxe5 Bg5 36. Qxd4+ Kc8 37. Qd5 Qc6 38. Qxc6+ Rxc6 39. Rf1 Rc7 40. Rd1
Rc5 41. c3 Bxh6 42. Rh1 Bg7 43. Rxh7 Bxe5 44. Rxf7 1-0

[Event "Olomouc 2009 - IM C"]
[Site "?"]
[Date "2009.08.11"]
[Round "7.4"]
[White "Volodin, Viktor"]
[Black "Bronowicki, Mateusz"]
[Result "0-1"]
[WhiteElo "2216"]
[BlackElo "2370"]
[PlyCount "67"]
[EventDate "2009.08.05"]

1. d4 e6 2. g3 f5 3. Bg2 Nf6 4. c4 d5 5. Nf3 c6 6. O-O Bd6 7. b3 Qe7 8. Bb2 b6
9. Ne5 Bb7 10. cxd5 exd5 11. a4 a5 12. Nd2 O-O 13. Rc1 c5 14. Ndf3 Na6 15. Nd3
Ne4 16. Nfe5 Rac8 17. f3 Nf6 18. e3 Rc7 19. Rf2 Re8 20. Rfc2 Nd7 21. Qd2 Bxe5
22. dxe5 c4 23. e6 Ndc5 24. Nxc5 Nxc5 25. Ba3 Qxe6 26. Bxc5 bxc5 27. Rb2 cxb3
28. Rxb3 d4 29. Ra3 Ba6 30. Re1 d3 31. e4 c4 32. Rc3 Rec8 33. Bh3 Qb6+ 34. Kg2
0-1

[Event "Olomouc 2009 - IM C"]
[Site "?"]
[Date "2009.08.11"]
[Round "7.5"]
[White "Tibensky, Robert"]
[Black "Sluka, Radek"]
[Result "1-0"]
[WhiteElo "2418"]
[BlackElo "2291"]
[PlyCount "109"]
[EventDate "2009.08.05"]

1. d4 d5 2. c4 c6 3. Nf3 e6 4. Qc2 f5 5. g3 Nf6 6. Bg2 Bd6 7. O-O O-O 8. b3 Qe7
9. Ne5 Nfd7 10. Bb2 a5 11. Nd2 Nxe5 12. dxe5 Ba3 13. Rac1 Bxb2 14. Qxb2 a4 15.
b4 a3 16. Qb3 Bd7 17. f4 b5 18. c5 Ra4 19. Qc3 Be8 20. Bf3 g5 21. e3 h5 22. Rb1
h4 23. Rb3 g4 24. Bd1 Qa7 25. Nb1 Rf7 26. Rf2 Rh7 27. Nd2 Qa8 28. Rg2 Nd7 29.
Nb1 Nf8 30. Rxa3 Rxa3 31. Qxa3 Ra7 32. Qb2 h3 33. Rd2 Ng6 34. Bb3 Nf8 35. Rd1
Nd7 36. Nc3 Nb8 37. Ne2 Na6 38. Qd2 Nc7 39. Nd4 Bd7 40. e4 fxe4 41. Qe2 Qf8 42.
Qxg4+ Qg7 43. Qxh3 Qg6 44. Qh4 Kf7 45. Qd8 Ne8 46. Qb8 Rc7 47. Qd8 Qh5 48. Rf1
Qh6 49. Kg2 Ra7 50. Rf2 Qh7 51. f5 exf5 52. e6+ Bxe6 53. Nxe6 Qg6 54. Nd4 Ng7
55. Nxc6 1-0

[Event "Olomouc 2009 - IM C"]
[Site "?"]
[Date "2009.08.12"]
[Round "8.1"]
[White "Kireev, Aleksei"]
[Black "Sluka, Radek"]
[Result "1-0"]
[WhiteElo "2389"]
[BlackElo "2291"]
[PlyCount "141"]
[EventDate "2009.08.05"]

1. d4 Nf6 2. Bg5 e6 3. e3 h6 4. Bh4 c5 5. c3 cxd4 6. exd4 Be7 7. Nd2 O-O 8. Bd3
b6 9. Ngf3 Ba6 10. Bxa6 Nxa6 11. O-O d6 12. Qe2 Nc7 13. Ne1 Qd7 14. f4 Rfe8 15.
Nd3 Rac8 16. Qf3 Nfd5 17. Bxe7 Nxe7 18. Rae1 Ncd5 19. Re2 a5 20. a3 b5 21. g4
Qc6 22. Qg3 Nf6 23. Rfe1 Ned5 24. Qh3 Nh7 25. Qg3 Nxc3 26. bxc3 Qxc3 27. Ne4
Qxd4+ 28. Ndf2 Red8 29. Rd2 Qb6 30. g5 d5 31. gxh6 g6 32. Ng5 Nf6 33. Kf1 Nh5
34. Qg4 Re8 35. Rde2 Qd4 36. Nxe6 Qc4 37. Kg1 d4 38. Re5 d3 39. Rxh5 d2 40.
Ree5 Rxe6 41. Rxe6 Qxe6 42. Qxe6 fxe6 43. Rxb5 Rc1+ 44. Kg2 d1=Q 45. Nxd1 Rxd1
46. Rxa5 Kh7 47. Ra6 Rd3 48. a4 Ra3 49. a5 Kxh6 50. Kf2 Ra2+ 51. Kg3 Ra3+ 52.
Kg4 Ra2 53. h3 Ra4 54. Kf3 Ra3+ 55. Ke4 Rxh3 56. Rxe6 Ra3 57. Ra6 Kg7 58. Ra8
Kf6 59. a6 Ra5 60. Kd4 Kg7 61. Kc4 Ra4+ 62. Kb5 Rxf4 63. Rb8 Rf5+ 64. Kb4 Rf4+
65. Ka5 Rf1 66. a7 Ra1+ 67. Kb6 g5 68. a8=Q Rxa8 69. Rxa8 Kg6 70. Kc5 g4 71.
Kd4 1-0

[Event "Olomouc 2009 - IM C"]
[Site "?"]
[Date "2009.08.12"]
[Round "8.2"]
[White "Bronowicki, Mateusz"]
[Black "Tibensky, Robert"]
[Result "1/2-1/2"]
[WhiteElo "2370"]
[BlackElo "2418"]
[PlyCount "68"]
[EventDate "2009.08.05"]

1. c4 e6 2. Nc3 d5 3. d4 c6 4. e4 Bb4 5. exd5 exd5 6. cxd5 cxd5 7. Nf3 Ne7 8.
Qb3 Nbc6 9. Bb5 O-O 10. O-O Bd6 11. Bg5 Be6 12. Rfe1 h6 13. Bh4 Qb6 14. Bxe7
Nxe7 15. Na4 Qa5 16. a3 Rac8 17. h3 Ng6 18. Bf1 Rfd8 19. g3 Ne7 20. Rac1 Rc7
21. Nc3 a6 22. Qa2 b5 23. b4 Qb6 24. Qb3 Nf5 25. Ne2 Rc4 26. g4 Ne7 27. Ng3 Bf4
28. Rcd1 Rc7 29. Ne2 Bd6 30. Rc1 Rc4 31. Ng3 Bf4 32. Rcd1 Rc7 33. Ne2 Bd6 34.
Rc1 Rc4 1/2-1/2

[Event "Olomouc 2009 - IM C"]
[Site "?"]
[Date "2009.08.12"]
[Round "8.3"]
[White "Havlikova, Kristyna"]
[Black "Volodin, Viktor"]
[Result "1/2-1/2"]
[WhiteElo "2161"]
[BlackElo "2216"]
[PlyCount "28"]
[EventDate "2009.08.05"]

1. e4 c6 2. d4 d5 3. Nc3 dxe4 4. Nxe4 Nf6 5. Nxf6+ exf6 6. c3 Bd6 7. Bd3 Be6 8.
Ne2 Qc7 9. Ng3 Nd7 10. Ne4 O-O-O 11. Nxd6+ Qxd6 12. O-O h5 13. a4 h4 14. b4 h3
1/2-1/2

[Event "Olomouc 2009 - IM C"]
[Site "?"]
[Date "2009.08.12"]
[Round "8.4"]
[White "Bente, Bjoern"]
[Black "Simek, Petr"]
[Result "1/2-1/2"]
[WhiteElo "2252"]
[BlackElo "2301"]
[PlyCount "39"]
[EventDate "2009.08.05"]

1. c4 c6 2. Nf3 d5 3. e3 Nf6 4. Nc3 e6 5. b3 Nbd7 6. Bb2 Bd6 7. Qc2 Qe7 8. Be2
O-O 9. O-O dxc4 10. bxc4 e5 11. d3 Re8 12. Rfe1 Nf8 13. h3 h6 14. Nd2 Bf5 15.
Bf3 Rad8 16. Nce4 Bb8 17. a4 Nxe4 18. Nxe4 Ng6 19. Ba3 Qc7 20. Red1 1/2-1/2

[Event "Olomouc 2009 - IM C"]
[Site "?"]
[Date "2009.08.12"]
[Round "8.5"]
[White "Ageichenko, Genadi A"]
[Black "Gasik, Anna"]
[Result "1-0"]
[WhiteElo "2375"]
[BlackElo "2216"]
[PlyCount "83"]
[EventDate "2009.08.05"]

1. e4 c5 2. Nf3 e6 3. d4 cxd4 4. Nxd4 a6 5. Bd3 Qc7 6. O-O Nf6 7. Qe2 d6 8. c4
Nbd7 9. Nc3 b6 10. Bg5 Be7 11. Rac1 Bb7 12. b3 Rc8 13. Kh1 h6 14. Bh4 Nc5 15.
Bb1 Nfxe4 16. Bxe4 Bxe4 17. Bxe7 Bd3 18. Qe3 Qxe7 19. Rfd1 Bh7 20. b4 Nd7 21.
b5 Ne5 22. bxa6 Nxc4 23. Qe2 O-O 24. f4 Qf6 25. Ncb5 d5 26. Rf1 Be4 27. a7 e5
28. fxe5 Qxe5 29. Qf2 Ra8 30. Rfe1 Qe7 31. Qf4 f5 32. h3 Rfc8 33. Nxf5 Qf7 34.
Rxe4 dxe4 35. Qxe4 Kh8 36. a4 h5 37. Kh2 Rf8 38. Nh4 Rfc8 39. Ng6+ Kg8 40. Ne7+
Kh8 41. Nxc8 Rxc8 42. Rxc4 1-0

[Event "Olomouc 2009 - IM C"]
[Site "?"]
[Date "2009.08.13"]
[Round "9.1"]
[White "Gasik, Anna"]
[Black "Kireev, Aleksei"]
[Result "1/2-1/2"]
[WhiteElo "2216"]
[BlackElo "2389"]
[PlyCount "55"]
[EventDate "2009.08.05"]

1. e4 d6 2. d4 g6 3. Nc3 c6 4. f4 d5 5. e5 h5 6. Be3 Nh6 7. h3 h4 8. Bf2 Nf5 9.
Qd2 b6 10. Bd3 e6 11. Nf3 Be7 12. Bxf5 exf5 13. O-O Na6 14. Rfd1 Nc7 15. b3 Ne6
16. Na4 Ba6 17. Rac1 Ba3 18. Rb1 Be7 19. Rbc1 Ba3 20. Rb1 Be7 21. Nb2 Kf8 22.
c4 Kg7 23. Rbc1 Qd7 24. Kh2 Qd8 25. Rc2 Rh5 26. a4 Rh8 27. cxd5 cxd5 28. b4
1/2-1/2

[Event "Olomouc 2009 - IM C"]
[Site "?"]
[Date "2009.08.13"]
[Round "9.3"]
[White "Volodin, Viktor"]
[Black "Bente, Bjoern"]
[Result "1/2-1/2"]
[WhiteElo "2216"]
[BlackElo "2252"]
[PlyCount "30"]
[EventDate "2009.08.05"]

1. Nf3 d5 2. d4 Nf6 3. c4 c6 4. Nc3 e6 5. Qb3 Nbd7 6. g3 Bd6 7. Bg2 O-O 8. O-O
dxc4 9. Qxc4 e5 10. dxe5 Nxe5 11. Nxe5 Bxe5 12. Be3 Be6 13. Qa4 Qe7 14. Rfd1
Bc7 15. Ne4 Nxe4 1/2-1/2

[Event "Olomouc 2009 - IM C"]
[Site "?"]
[Date "2009.08.13"]
[Round "9.5"]
[White "Sluka, Radek"]
[Black "Bronowicki, Mateusz"]
[Result "1/2-1/2"]
[WhiteElo "2291"]
[BlackElo "2370"]
[PlyCount "25"]
[EventDate "2009.08.05"]

1. e4 e6 2. d4 d5 3. Nc3 dxe4 4. Nxe4 Nd7 5. Nf3 Ngf6 6. Nxf6+ Nxf6 7. Bd3 Be7
8. O-O O-O 9. c3 b6 10. Qe2 Bb7 11. Rd1 Qd5 12. Bf4 c5 13. dxc5 1/2-1/2